Catálogo

La Ilíada (Registro nro. 66674)

Detalles MARC
000 -LEADER
fixed length control field 00600nam a2200241 u 4500
001 - CONTROL NUMBER
control field 66674
003 - CONTROL NUMBER IDENTIFIER
control field Mx-PuUPA
005 - DATE AND TIME OF LATEST TRANSACTION
control field 20190705150956.0
008 - FIXED-LENGTH DATA ELEMENTS--GENERAL INFORMATION
fixed length control field 170213s2009 xx r 000 0 spa d
020 ## - INTERNATIONAL STANDARD BOOK NUMBER
International Standard Book Number 970-627-207-7
040 ## - CATALOGING SOURCE
Transcribing agency Mx-PuUPA
082 ## - DEWEY DECIMAL CLASSIFICATION NUMBER
Classification number 861.4
Item number HOM
100 1# - MAIN ENTRY--PERSONAL NAME
Personal name Homero
Relator term autor
245 13 - TITLE STATEMENT
Title La Ilíada
250 ## - EDITION STATEMENT
Edition statement Primera edición
264 #1 - PRODUCTION, PUBLICATION, DISTRIBUTION, MANUFACTURE, AND COPYRIGHT NOTICE
Place of production, publication, distribution, manufacture México :
Name of producer, publisher, distributor, manufacturer Lectores,
Date of production, publication, distribution, manufacture, or copyright notice 2012
300 ## - PHYSICAL DESCRIPTION
Extent 95 páginas ;
Dimensions 23 cm.
336 ## - CONTENT TYPE
Content type term texto
Source rdacontent
337 ## - MEDIA TYPE
Media type term sin mediación
Source rdamedia
338 ## - CARRIER TYPE
Carrier type term volumen
Source rdacarrier
650 #4 - SUBJECT ADDED ENTRY--TOPICAL TERM
Topical term or geographic name entry element Literatura infantil
942 ## - ADDED ENTRY ELEMENTS (KOHA)
Source of classification or shelving scheme Dewey Decimal Classification
Koha item type Libro
Existencias
Withdrawn status Lost status Source of classification or shelving scheme Damaged status Not for loan Collection code Home library Current library Shelving location Date acquired Source of acquisition Total Checkouts Full call number Barcode Date last seen Price effective from Koha item type
    Dewey Decimal Classification     General Tehuacán Tehuacán Sala general 13/02/2017 Compra   861.4 HOM 2012 510383 08/01/2025 07/03/2017 Libro